[Event "Cappelle Online Blitz op 1st"]
[Site "Europe Echecs INT"]
[Date "2021.01.10"]
[Round "10"]
[White "Cheikh, Faycal"]
[Black "Musabayeva, Diana"]
[Result "0-1"]
[WhiteElo "1222"]
[BlackElo "1873"]
[PlyCount "154"]
[EventDate "2021.01.10"]
[EventType "swiss (blitz)"]
[EventRounds "11"]
[EventCountry "FRA"]
[SourceTitle "CBM 200 Extra"]
[Source "ChessBase"]
[SourceDate "2021.03.31"]
[SourceVersion "1"]
[SourceVersionDate "2021.03.31"]
[SourceQuality "1"]

1. e4 c5 2. Nf3 d6 3. d4 cxd4 4. Nxd4 Nf6 5. Bb5+ Nbd7 6. Nc3 a6 7. Bd3 e5 8. Nb3 Be7 9. 0-0 0-0 10. Ne2 b5 11. Ng3 Bb7 12. f4 exf4 13. Bxf4 Re8 14. h3 Bf8 15. Nh5 Nxh5 16. Qxh5 Nf6 17. Qh4 Nxe4 18. Qxd8 Raxd8 19. Nd4 Nc5 20. Bf5 g6 21. Bg4 Bg7 22. Rad1 Re4 23. c3 h6 24. Bg3 Ree8 25. Bf3 Ne4 26. Be1 Nc5 27. Bxb7 Nxb7 28. Bh4 Rd7 29. Rfe1 Rxe1+ 30. Rxe1 g5 31. Bg3 Bxd4+ 32. cxd4 Kh7 33. Kh2 Kg6 34. b3 d5 35. Re5 f6 36. Re6 a5 37. Rb6 b4 38. Bb8 Re7 39. Bg3 Kg7 40. Rb5 Rd7 41. Bd6 Nxd6 42. Rxd5 Kf7 43. Rxa5 Ne4 44. d5 Nc3 45. a3 bxa3 46. Rxa3 Nxd5 47. Ra5 Ke6 48. Ra6+ Rd6 49. Ra8 Kf7 50. Rb8 Rb6 51. Rh8 Kg7 52. Re8 Rxb3 53. Rd8 Nf4 54. Rd7+ Kg6 55. Rd8 Rb2 56. Rg8+ Kf7 57. Ra8 Rxg2+ 58. Kh1 Rc2 59. Ra7+ Kg6 60. h4 Rc3 61. hxg5 hxg5 62. Ra8 f5 63. Rg8+ Kf6 64. Rf8+ Ke5 65. Re8+ Ne6 66. Ra8 g4 67. Kg2 f4 68. Ra5+ Rc5 69. Ra4 Kf5 70. Rb4 Kg5 71. Rb8 Rc2+ 72. Kf1 Kh4 73. Rh8+ Kg3 74. Rg8 Nd4 75. Ke1 f3 76. Rd8 f2+ 77. Kf1 Rc1# 0-1

[Event "Cappelle Online Blitz op 1st"]
[Site "Europe Echecs INT"]
[Date "2021.01.10"]
[Round "8"]
[White "Khalafova, Narmin Ilgar Qizi"]
[Black "Musabayeva, Diana"]
[Result "1-0"]
[WhiteElo "2279"]
[BlackElo "1873"]
[PlyCount "61"]
[EventDate "2021.01.10"]
[EventType "swiss (blitz)"]
[EventRounds "11"]
[EventCountry "FRA"]
[SourceTitle "CBM 200 Extra"]
[Source "ChessBase"]
[SourceDate "2021.03.31"]
[SourceVersion "1"]
[SourceVersionDate "2021.03.31"]
[SourceQuality "1"]

1. e4 c5 2. Be2 d6 3. f4 Nf6 4. d3 e6 5. Nf3 Be7 6. 0-0 0-0 7. c4 a6 8. Nc3 b6 9. d4 cxd4 10. Nxd4 Bb7 11. Bf3 Qc7 12. Qe2 Nc6 13. Be3 Rac8 14. b3 Nxd4 15. Bxd4 e5 16. Be3 b5 17. Nd5 Nxd5 18. cxd5 exf4 19. Rac1 Qa5 20. Bxf4 Qb6+ 21. Be3 Qa5 22. Bg4 Rxc1 23. Rxc1 Bd8 24. Qf2 Qa3 25. Rf1 a5 26. Be6 a4 27. Bxf7+ Kh8 28. Bd4 axb3 29. Qg3 Bf6 30. Rxf6 gxf6 31. Bxf6# 1-0

[Event "Online Olym Div2 A"]
[Site "Chess.com INT"]
[Date "2020.08.14"]
[Round "3.4"]
[White "Sultana, Sharmin Shirin"]
[Black "Musabayeva, Diana"]
[Result "0-1"]
[WhiteElo "2002"]
[BlackElo "1835"]
[PlyCount "98"]
[EventDate "2020.08.14"]
[EventType "team-tourn (rapid)"]
[EventRounds "9"]
[EventCountry "USA"]
[SourceTitle "CBM 198"]
[Source "ChessBase"]
[SourceDate "2020.10.31"]
[SourceVersion "1"]
[SourceVersionDate "2020.10.31"]
[SourceQuality "1"]
[WhiteTeam "Bangladesh"]
[BlackTeam "Belgium"]
[WhiteTeamCountry "BAN"]
[BlackTeamCountry "BEL"]

1. d4 Nf6 2. c4 e6 3. Nc3 Bb4 4. Nf3 0-0 5. Bg5 h6 6. Bh4 Re8 7. e3 Bxc3+ 8. bxc3 d6 9. Be2 Nbd7 10. 0-0 e5 11. Qc2 b6 12. Rfd1 Qe7 13. Nd2 Bb7 14. Bf3 Bxf3 15. Nxf3 Nf8 16. c5 bxc5 17. dxe5 dxe5 18. Qa4 Ng6 19. Bxf6 Qxf6 20. Qc4 Qe7 21. Rd5 Rad8 22. Rxc5 Rd7 23. h3 Red8 24. Kh2 Qd6 25. Kg1 Qe7 26. Rc6 Kh8 27. Qc5 Rd1+ 28. Rxd1 Rxd1+ 29. Kh2 e4 30. Nd4 Qxc5 31. Rxc5 Rd2 32. Kg3 Rxa2 33. Rxc7 Ne5 34. Re7 Ra5 35. Kf4 Ng6+ 36. Kxe4 Nxe7 37. c4 Rc5 38. Kd3 a5 39. Nb3 Re5 40. Kd4 Nc6+ 41. Kc3 a4 42. Nd2 Kg8 43. Nf3 Rf5 44. Kb2 Ne5 45. Ka3 Nxf3 46. gxf3 Rxf3 47. Kxa4 Rxf2 48. Kb3 Kf8 49. c5 Ke7 0-1

[Event "EU-ch U12 Girls"]
[Site "Bratislava"]
[Date "2019.08.07"]
[Round "6"]
[White "Schippke, Manon"]
[Black "Musabayeva, Diana"]
[Result "0-1"]
[WhiteElo "1745"]
[BlackElo "1679"]
[PlyCount "66"]
[EventDate "2019.08.02"]
[EventType "swiss"]
[EventRounds "9"]
[EventCountry "SVK"]
[SourceTitle "EXT 2020"]
[Source "ChessBase"]
[SourceDate "2019.10.17"]
[SourceVersion "1"]
[SourceVersionDate "2019.10.17"]
[SourceQuality "1"]

1. e4 c5 2. Nf3 d6 3. g3 Nf6 4. d3 g6 5. Bg2 Bg7 6. 0-0 0-0 7. Re1 Nc6 8. c3 e5 9. a3 a5 10. a4 h6 11. Na3 Be6 12. Nb5 Re8 13. c4 Qd7 14. Nd2 Nb4 15. Nf1 Nh7 16. Ne3 Rad8 17. Nd5 Bxd5 18. cxd5 f5 19. exf5 gxf5 20. Re3 Qf7 21. Bd2 Bf8 22. Bxb4 axb4 23. Qe2 b6 24. h4 Nf6 25. Rf1 Rd7 26. Qf3 Ng4 27. Ree1 h5 28. Bh3 Nh6 29. Qe3 Rdd8 30. Qg5+ Kh7 31. Bg2 Ng4 32. Bf3 Bh6 33. Bxg4 Bxg5 0-1

[Event "EU-ch U12 Girls"]
[Site "Bratislava"]
[Date "2019.08.02"]
[Round "1"]
[White "Sichinava, Mariam"]
[Black "Musabayeva, Diana"]
[Result "0-1"]
[WhiteElo "1365"]
[BlackElo "1679"]
[PlyCount "78"]
[EventDate "2019.08.02"]
[EventType "swiss"]
[EventRounds "9"]
[EventCountry "SVK"]
[SourceTitle "EXT 2020"]
[Source "ChessBase"]
[SourceDate "2019.10.17"]
[SourceVersion "1"]
[SourceVersionDate "2019.10.17"]
[SourceQuality "1"]

1. Nf3 Nf6 2. g3 g6 3. Bg2 Bg7 4. c4 c5 5. 0-0 0-0 6. d4 cxd4 7. Nxd4 Nc6 8. Nc3 Qc7 9. Ndb5 Qb8 10. Bf4 d6 11. Nxd6 exd6 12. Bxd6 Rd8 13. Bxb8 Rxd1 14. Rfxd1 Rxb8 15. Bxc6 bxc6 16. Rd8+ Bf8 17. b4 Kg7 18. a3 Be7 19. Rdd1 Be6 20. c5 Nd5 21. Rac1 Bf6 22. Nxd5 Bxd5 23. Rd2 a5 24. bxa5 Ra8 25. Rd3 Rxa5 26. f3 Bb2 27. Rb1 Bxa3 28. Kg2 Bxc5 29. Rd2 Be7 30. e4 Ra2 31. Rxa2 Bxa2 32. Rb2 Be6 33. Rc2 c5 34. f4 Bb3 35. Rc3 c4 36. e5 Bb4 37. Rc1 c3 38. Kf2 c2 39. Ke2 Ba3 0-1